Heads to Tails Word Ladder - Statistics

General Stats
  • This quiz has been taken 180 times
  • The average score is 30 of 39
Answer Stats
Hint Answer % Correct
Coin’s obverse side Heads
96%
Cardiovascular organ Heart
95%
Distant Far
94%
A phobia Fear
94%
Not thin Fat
93%
Listens Hears
93%
Headwear Hat
92%
Attached to the bottoms of legs Feet
90%
Ingredient of fire Heat
90%
Accomplishment Feat
89%
For example E.g.
84%
Sense of self-worth Ego
84%
Coin’s reverse side Tails
84%
Not the future Past
82%
Dog or cat, for example Pet
82%
Attached to the tops of feet Leg
81%
Wager Bet
78%
Baseball equipment Bat
77%
To allow Let
77%
Buckets Pails
77%
Friends Pals
77%
What you may do to the above Pat
77%
Waffle brand Eggo
75%
Church seats Pew
75%
Do this to a table before dinner Set
75%
A needle pulling thread Sew
72%
1337 Leet
71%
To evade, or to succeed Pass
71%
Bush barrier Hedge
67%
Coin's side side Edge
66%
Meal that contains too much yolk and/or whites Eggy
64%
The first half of a podge Hodge
63%
The second half of a hodge Podge
63%
Having unconventional qualities Edgy
59%
Small house Lodge
58%
Modern slang for a significant other Bae
57%
Ore deposit Lode
56%
To have previously bid Bade
51%
Put a load on Lade
46%
No matching quizzes found
Score Distribution
Percent of People with Each Score
Percentile by Number Answered
Your Score History
You have not taken this quiz